Estatísticas para Amanhecer

Clique aqui para jogar o quiz

Estatísticas Gerais

  • Esse quiz foi jogado 8 vezes
  • A pontuação média é 9 de 15

Estatísticas das Respostas

HintResposta% Correto
Quem narra a primeira e a terceira parte do livro?Bella
100%
Onde fica a ilha privada?Brasil
100%
Quem transforma Bella em vampira?Edward
100%
De quem é a ilha privada onde Edward e Bella vão de lua - de - mel?Esme
100%
Quem narra a segunda parte do livro?Jacob
100%
Quem se apaixona pela filha de Bella e Edward?Jacob
100%
Qual lobisomem decide destruir o filho de Bella?Sam
67%
Qual o dom de Bella?Criar um escudo
50%
Quem é a favor de Bella fazer um aborto?Edward e Carlisle
50%
Como se chama a filha de Bella e Edward?Renesmee
50%
Quem é que fica do lado de Bella na decisão de ela não fazer um aborto?Rosalie
50%
Depois de fazerem amor pela primeira vez de que acorda Bella coberta?Hematomas
17%
Quem denúncia a filha de Bella e Edward aos Volturi?Irina
17%
Após Bella ficar mais fraca ao longo da gravidez que tipo de alimento ingere ela para que o bebé fique mais forte?Sangue humano
17%
Juntamente com Jacob quais são os outros lobisomens que impedem a luta de Sam contra os Cullen?Seth e Leah
17%

Distribuição das Pontuações

Percentil de Números Respondidos

Porcentagem de Pessoas com Cada Pontuação

Sua Pontuação Histórica

Você não jogou esse quiz